000 00682nam a2200241Ia 4500
003 OSt
005 20221007071242.0
006 a|||||r|||| 00| 0
007 ta
008 221006b |||||||| |||| 00| 0 eng d
024 _a24,988
037 _cTextual
040 _aFLL
_cFLL
_beng
041 _2eng
_aeng
082 _aZ3:111, J6
100 _aMorrison A.C.L.
_9688410
245 0 _aClarke hall and morrison law relating to children and young persons
250 _a5th
260 _aLondon
_bButterworth & Co. (Publishers) Ltd. London
_c1956
300 _axl,1-703p
_ccm.
942 _hZ3:111, J6
_cTEXL
_2CC
999 _c1142878
_d1142878